EPIC: the musical songs - Sudden Death - Statistics

General Stats
  • This quiz has been taken 2,085 times
  • The average score is 7 of 14
Answers on the Grid
Answers color-coded by a green-red scale on the quiz's grid according to % correct below.
No Longer You
Athena
The Storm
Polyphemus
Legendary
Aeolus
Remember Them
Full Speed
Threatened
Survive
Ithaca
Odysseus
I Know Places
Get In The Water
Infinity
Done For
Almighty
A Different Beast
Would You LIke
Olive Tree
Scylla
Six Hundred Men
The Monster
Popular
The Challenge
Pride
Tear You Down
Little Wolf
Just A Man
Dangerous
Luck Runs Out
Lotus Eaters
 
Answer Stats
Answer % Correct
No Longer You
88%
Legendary
74%
Just A Man
56%
Scylla
54%
Survive
53%
The Challenge
53%
Get In The Water
52%
Polyphemus
51%
Remember Them
48%
Dangerous
46%
Odysseus
43%
Done For
42%
Little Wolf
34%
Luck Runs Out
33%
No matching quizzes found
Score Distribution
Percent of People with Each Score
Percentile by Number Answered
Your Score History
You have not taken this quiz